Place of the imagination: Media, tourism, culture (Record no. 16143)

MARC details
000 -LEADER
fixed length control field 00476nam a2200169Ia 4500
008 - FIXED-LENGTH DATA ELEMENTS--GENERAL INFORMATION
fixed length control field 230917s9999||||xx |||||||||||||| ||und||
020 ## - ISBN
Price GBP63
040 ## - CATALOGING SOURCE
-- 227113
Original cataloging agency VIVEKANANDA LIBRARY
041 ## - Language
-- English
082 ## - DDC NUMBER
Classification number 338.4791 R272P
100 ## - MAIN ENTRY--PERSONAL NAME
Personal name Reijnders, Stijn
245 #0 - TITLE STATEMENT
Title Place of the imagination: Media, tourism, culture
260 ## - PUBLICATION, DISTRIBUTION, ETC. (IMPRINT)
Place of publication, distribution, etc Burlington
Name of publisher, distributor, etc Ashgate Publishing
Date of publication, distribution, etc 2011
300 ## - PHYSICAL DESCRIPTION
Pages xi, 161 p.
500 ## - GENERAL NOTE
General note 2127 24/09/2015 KB15/130 28/09/2015 Main Budget
942 ## - ADDED ENTRY ELEMENTS (KOHA)
Koha item type Books
Holdings
Withdrawn status Lost status Damaged status Not for loan Location (home branch) Sublocation or collection (holding branch) Shelving location Date acquired Koha issues (times borrowed) Koha full call number Accession No. Koha date last seen Koha item type
        VIVEKANANDA LIBRARY VIVEKANANDA LIBRARY IHTM Library 04/01/2016   338.4791 R272P 344304 17/09/2023 Books
© Designed and Maintained by Vivekananda Library, MDU Rohtak